[Event "Pardubice/Chrudim op"]
[Site "Pardubice/Chrudim"]
[Date "2001.05.05"]
[Round "3"]
[White "Komarek, David"]
[Black "Reznicek, Jan"]
[Result "1/2-1/2"]
[WhiteElo "2088"]
[BlackElo "2199"]
[PlyCount "36"]
[EventDate "2001.05.04"]
[EventType "swiss"]
[EventRounds "7"]
[EventCountry "CZE"]
[SourceTitle "EXT 2006"]
[Source "ChessBase"]
[SourceDate "2005.11.24"]
[SourceVersion "1"]
[SourceVersionDate "2005.11.24"]
[SourceQuality "1"]

1. d4 Nf6 2. c4 c5 3. d5 g6 4. Nc3 d6 5. e4 Bg7 6. Bd3 0-0 7. Nge2 e6 8. 0-0 exd5 9. exd5 a6 10. a4 Nbd7 11. f4 Ne8 12. Ne4 f5 13. Ng5 Ndf6 14. Nc3 Nc7 15. a5 Re8 16. Na4 Ng4 17. Nf3 Qe7 18. Qb3 Rb8 1/2-1/2